00495 2200181 4500001002100000005001500021035002000036245006300056100001800119250000600137300003500143260003800178082001100216084001700227020002200244650003000266990001700296INLIS00000000000043920181030014751 a0010-10180001291 aAmmar bin Yasir :bTombak Kebenaran Islam /cTubagus Aswan0 aTubagus Aswan a- avi, 50 hlm. :bilus. ;c25 cm. aCirebon :bCV Gunung Djati,c2008 a297.63 a297.63 TUB a a978-979-1979-54-2 aSahabat Nabi Muhammad SAW a01565/P/2018